[Event "SLO-ch U12"]
[Site "Murska Sobota"]
[Date "2007.03.02"]
[Round "9"]
[White "Rupnik, Tilen"]
[Black "Copi, Ambroz"]
[Result "0-1"]
[WhiteElo "1500"]
[BlackElo "1546"]
[PlyCount "60"]
[EventDate "2007.02.25"]
[EventType "swiss"]
[EventRounds "9"]
[EventCountry "SLO"]
[SourceTitle "CBM 117 Extra"]
[Source "ChessBase"]
[SourceDate "2007.05.09"]
[SourceVersion "1"]
[SourceVersionDate "2007.05.09"]
[SourceQuality "1"]

1. e4 d6 2. Bc4 Nf6 3. Nc3 g6 4. Nf3 Bg4 5. h3 Bxf3 6. Qxf3 c6 7. d3 Nbd7 8. Be3 Bg7 9. 0-0 0-0 10. Bd4 a5 11. a4 c5 12. Bxf6 Bxf6 13. Nd5 Bg7 14. Nc3 Ne5 15. Qe3 Nxc4 16. dxc4 Qd7 17. Nd5 Rae8 18. c3 e6 19. Nf4 Bh6 20. Qf3 f5 21. exf5 Rxf5 22. g3 Ref8 23. b4 axb4 24. cxb4 Bxf4 25. gxf4 Rxf4 26. Qb3 Rf3 27. Qb2 e5 28. b5 Qxh3 29. Rfd1 R8f4 30. Rxd6 Rg4# 0-1

[Event "SLO-ch U12"]
[Site "Murska Sobota"]
[Date "2007.03.01"]
[Round "8"]
[White "Petrovcic, Peter"]
[Black "Rupnik, Tilen"]
[Result "1/2-1/2"]
[WhiteElo "1500"]
[BlackElo "1500"]
[PlyCount "53"]
[EventDate "2007.02.25"]
[EventType "swiss"]
[EventRounds "9"]
[EventCountry "SLO"]
[SourceTitle "CBM 117 Extra"]
[Source "ChessBase"]
[SourceDate "2007.05.09"]
[SourceVersion "1"]
[SourceVersionDate "2007.05.09"]
[SourceQuality "1"]

1. d4 Nc6 2. d5 Nb4 3. a3 Na6 4. e4 Nf6 5. e5 Ng4 6. Qxg4 e6 7. d6 cxd6 8. exd6 Qf6 9. Bg5 Qe5+ 10. Be3 Qxb2 11. Bd4 Qxc2 12. Qe2 Qxe2+ 13. Bxe2 Bxd6 14. Bxg7 Rg8 15. Bb2 Rxg2 16. Nf3 Bc5 17. Bd4 Bxd4 18. Nxd4 Nc5 19. Kf1 Rg5 20. Rg1 Rxg1+ 21. Kxg1 b6 22. Nb5 Ke7 23. Bf3 d5 24. N1c3 Bb7 25. a4 a6 26. Nd4 Rc8 27. Nce2 1/2-1/2

[Event "SLO-ch U12"]
[Site "Murska Sobota"]
[Date "2007.02.25"]
[Round "1"]
[White "Hostnik, Miha"]
[Black "Rupnik, Tilen"]
[Result "1-0"]
[WhiteElo "1500"]
[BlackElo "1500"]
[PlyCount "71"]
[EventDate "2007.02.25"]
[EventType "swiss"]
[EventRounds "9"]
[EventCountry "SLO"]
[SourceTitle "CBM 117 Extra"]
[Source "ChessBase"]
[SourceDate "2007.05.09"]
[SourceVersion "1"]
[SourceVersionDate "2007.05.09"]
[SourceQuality "1"]

1. e4 e5 2. Nf3 Nc6 3. Nc3 Nf6 4. Bb5 d6 5. 0-0 a6 6. Bxc6+ bxc6 7. d3 d5 8. Nxe5 Qd6 9. Nf3 dxe4 10. dxe4 Qxd1 11. Rxd1 Bb4 12. e5 Ng4 13. h3 Nh6 14. Bxh6 gxh6 15. a3 Bxc3 16. bxc3 0-0 17. c4 Bf5 18. Nd4 Be6 19. Nxc6 Bxc4 20. Ne7+ Kh8 21. Nf5 Rae8 22. Nxh6 Rxe5 23. Ng4 Rc5 24. Nf6 Be2 25. Rd2 Rc6 26. Nd7 Re8 27. Re1 Rce6 28. Nc5 Re5 29. Nb3 Bc4 30. Rxe5 Rxe5 31. f4 Re4 32. g3 Re3 33. Kf2 Rc3 34. Nd4 Rxa3 35. Nf5 Be6 36. Rd8# 1-0